Data warehousing in the age of big data / (Record no. 23260)

MARC details
000 -LEADER
fixed length control field 03200cam a22002535a 4500
001 - CONTROL NUMBER
control field 17695534
005 - DATE AND TIME OF LATEST TRANSACTION
control field 20161122115922.0
008 - FIXED-LENGTH DATA ELEMENTS--GENERAL INFORMATION
fixed length control field 130412t2013 ne a frb 001 0 eng d
020 ## - INTERNATIONAL STANDARD BOOK NUMBER
International Standard Book Number 9780124058910
040 ## - CATALOGING SOURCE
Original cataloging agency DLC
Language of cataloging eng
Transcribing agency DLC
Modifying agency DLC
-- EG-ScBUE
082 04 - DEWEY DECIMAL CLASSIFICATION NUMBER
Classification number 005.745
Edition number 22
Item number KRI
100 1# - MAIN ENTRY--PERSONAL NAME
Personal name Krishnan, Krish.
245 10 - TITLE STATEMENT
Title Data warehousing in the age of big data /
Statement of responsibility, etc Krish Krishnan.
260 ## - PUBLICATION, DISTRIBUTION, ETC. (IMPRINT)
Place of publication, distribution, etc Waltham :
Name of publisher, distributor, etc Morgan Kaufmann / Elsevier,
Date of publication, distribution, etc c.2013.
300 ## - PHYSICAL DESCRIPTION
Extent xxiii, 346 p. :
Other physical details ill. ;
Dimensions 24 cm.
504 ## - BIBLIOGRAPHY, ETC. NOTE
Bibliography, etc Includes bibliographical references and index.
505 8# - FORMATTED CONTENTS NOTE
Formatted contents note Machine generated contents note: Part 1 - Big Data Chapter 1 - Introduction to Big Data Chapter 2 - Complexity of Big Data Chapter 3 - Big Data Processing Architectures Chapter 4 - Big Data Technologies Chapter 5 - Big Data Business Value Part 2 - The Data Warehouse Chapter 6 - Data Warehouse Chapter 7 - Re-Engineering the Data Warehouse Chapter 8 -Workload Management in the Data Warehouse Chapter 9 - New Technology Approaches Part 3 - Extending Big Data into the Data Warehouse Chapter 10 - Integration of Big Data and Data Warehouse Chapter 11 - Data Driven Architecture Chapter 12 - Information Management and Lifecycle Chapter 13 - Big Data Analytics, Visualization and Data Scientist Chapter 14 - Implementing The "Big Data" Data Warehouse Appendix A - Customer Case Studies From Vendors Appendix B - Building The HealthCare Information Factory .
520 ## - SUMMARY, ETC.
Summary, etc "In conclusion as you come to the end of this book, the concept of a Data Warehouse and its primary goal of serving the enterprise version of truth, and being the single platform for all the source of information will continue to remain intact and valid for many years to come. As we have discussed across many chapters and in many case studies, the limitations that existed with the infrastructures to create, manage and deploy Data Warehouses have been largely eliminated with the availability of Big Data technologies and infrastructure platforms, making the goal of the single version of truth a feasible reality. Integrating and extending Big Data into the Data Warehouse, and creating a larger decision support platform will benefit businesses for years to come. This book has touched upon governance and information lifecycle management aspects of Big Data in the larger program, however you can reuse all the current program management techniques that you follow for the Data Warehouse for this program and even implement agile approaches to integrating and managing data in the Data Warehouse. Technologies will continue to evolve in this spectrum and there will be more additions of solutions, which can be integrated if you follow the modular integration approaches to building and managing the Data Warehouse. The Appendix sections contain many more case studies and a special section on Healthcare Information Factory based on Big Data approaches. These are more guiding posts to help you align your thoughts and goals to building and integrating Big Data in your Data Warehouse"--
650 #7 - SUBJECT ADDED ENTRY--TOPICAL TERM
Topical term or geographic name as entry element Data warehousing.
Source of heading or term BUEsh
9 (RLIN) 11335
650 #7 - SUBJECT ADDED ENTRY--TOPICAL TERM
Topical term or geographic name as entry element Big data.
Source of heading or term BUEsh
9 (RLIN) 36502
651 ## - SUBJECT ADDED ENTRY--GEOGRAPHIC NAME
Source of heading or term BUEsh
653 ## - INDEX TERM--UNCONTROLLED
Resource For college Informatics and Computer Science
Arrived date list November2016
942 ## - ADDED ENTRY ELEMENTS (KOHA)
Source of classification or shelving scheme Dewey Decimal Classification
Holdings
Withdrawn status Item status Source of classification or shelving scheme Damaged status Not for loan Vendor Home library Current library Shelving location Date acquired Source of acquisition Cost, normal purchase price Serial Enumeration / chronology Total Checkouts Full call number Barcode Date last seen Date last borrowed Cost, replacement price Koha item type
    Dewey Decimal Classification     Baccah Central Library Central Library Lower Floor 22/11/2016 Purchase 368.00 2000088 1 005.745 KRI 000034984 15/07/2025 03/12/2018 460.00 Book - Borrowing